| 000 | 00567nam a2200193 i 4500 | ||
|---|---|---|---|
| 001 | bgj | ||
| 100 | 1 | _aSOARS, Liz | |
| 245 | 1 | 0 |
_aNew Headway : _bEnglish course : advanced : student's book / _cLiz Soars, John Soars. |
| 260 |
_aOxford : _bOxford University Press, _c2003. |
||
| 300 |
_a160 pp ; _c28 cm. |
||
| 650 | 9 |
_aEnglish language _xTextbooks for foreigners _xAdvanced |
|
| 700 | 1 |
_aSOARS, John. _eco-author |
|
| 020 | _a0194369307 | ||
| 040 | _cBPK | ||
| 041 | 0 | _aeng | |
| 920 | _a0-19-436930-7 | ||
| 942 | _cKS | ||
| 008 | s uk f |000 0 eng | ||
| 999 |
_c48732 _d48732 |
||